<?xml version="1.0" encoding="UTF-8"?>
<collection xmlns="http://www.loc.gov/MARC21/slim">
<record>
  <controlfield tag="001">6840</controlfield>
  <controlfield tag="005">20240217115318.0</controlfield>
  <datafield tag="037" ind1=" " ind2=" ">
    <subfield code="a">CTALK-2024-0084</subfield>
  </datafield>
  <datafield tag="100" ind1=" " ind2=" ">
    <subfield code="a">Hakim, Kaustubh</subfield>
  </datafield>
  <datafield tag="245" ind1=" " ind2=" ">
    <subfield code="a">Exoplanet Interiors and Evolution</subfield>
  </datafield>
  <datafield tag="260" ind1=" " ind2=" ">
    <subfield code="c">2022</subfield>
  </datafield>
  <datafield tag="269" ind1=" " ind2=" ">
    <subfield code="c">2022-09-12</subfield>
  </datafield>
  <datafield tag="520" ind1=" " ind2=" ">
    <subfield code="a">This decade is witnessing a major shift from the detection of exoplanets to the characterization of their atmospheres. From mass-radius measurements that inform about bulk planet composition, we are moving to detailed atmospheric spectroscopy that unravels atmosphere composition. While the observations of atmospheres of intermediate-sized and small exoplanets keep growing, the understanding of planetary interiors and interior-atmosphere interactions is more vital than ever. In this overview talk, I will focus on terrestrial-type exoplanet interiors and evolution from a perspective of chemical and physical diversity. The interior composition, mineralogy and structure are largely determined by the inventory of refractory elements. The interior evolution and atmospheric chemistry are further influenced by the inventory of volatile elements. I will discuss the role of exoplanet interiors on the composition of atmospheres including processes such as geochemical cycling, outgassing and atmospheric escape. Going forward, we will need to develop a thorough understanding of planetary mineralogy, material properties and processes that take place outside the physical and chemical realms of Earth and planetary bodies in the Solar System with the help of theoretical models and laboratory experiments.</subfield>
  </datafield>
  <datafield tag="594" ind1=" " ind2=" ">
    <subfield code="a">NO</subfield>
  </datafield>
  <datafield tag="773" ind1=" " ind2=" ">
    <subfield code="t">(Exo)Planet Diversity, Formation, and Evolution, PFE-SPP 1992 Joint Meeting, Berlin, Germany</subfield>
  </datafield>
  <datafield tag="856" ind1="0" ind2=" ">
    <subfield code="f">kaustubh.hakim@ksb-orb.be</subfield>
  </datafield>
  <datafield tag="906" ind1=" " ind2=" ">
    <subfield code="a">Invited</subfield>
  </datafield>
  <datafield tag="980" ind1=" " ind2=" ">
    <subfield code="a">CTALKINVI</subfield>
  </datafield>
</record>
</collection>